Imperialismo y crisis

Zapisane w:
Opis bibliograficzny
1. autor: López Díaz, Pedro
Format: Texto
Wydane: s.l.: s.e.
Etykiety: Dodaj etykietę
Nie ma etykietki, Dołącz pierwszą etykiete!

MARC

LEADER 00000 a a2200000 04500
001 23686
003
040
090 |a 165800  
100 |a López Díaz, Pedro  
245 |a Imperialismo y crisis  
260 |a s.l.:   |b s.e.  
300 |a pp. 291-352; 3, 1 copias  
999 |c 12391  |d 12391